| 000 | 00595nam a22002057a 4500 | ||
|---|---|---|---|
| 005 | 20210426095032.0 | ||
| 008 | 210210s2005 ||||| |||| 00| 0 eng d | ||
| 020 | _a1551927276 | ||
| 040 |
_aeng _cDLC |
||
| 041 | _aeng | ||
| 080 |
_a001 _bS-53 |
||
| 100 |
_9820 _aShell, Barry |
||
| 245 |
_aSensational Scientists / The Journeys and Discoveries of 24 Men and Women of Science _c/ by: Raincoast Books |
||
| 260 |
_aVancouver _bRaincoast Books _c2005 |
||
| 300 |
_a202 p. _bill. |
||
| 365 | _b15.95 usd | ||
| 650 | 0 |
_9681 _aScience |
|
| 653 | _aმეცნიერება | ||
| 942 |
_2udc _cBK |
||
| 999 |
_c1314 _d1314 |
||